000 00923nam0a22002651 4500
001 RU\NLR\INFOCOMM_165\5000004307
005 20250613093038.0
035 _a(NLR Aleph) 009189232
090 _a8619977
_c8619977
100 _a20100330d1981 |||y0rusy50 ca
101 1 _ager
_crus
102 _aRU
105 _aa ||||000|y
200 1 _aInterkosmos
_eSternbahnen der Freundschaft
_fMichail Tschernyschow
210 _a[Μ.]
_cAPN-Verl.
_d1981
215 _a[62] с.
_cил., цв. ил., портр.
_d21 см
300 _aВ вып. дан.: "Интеркосмос": Звездные трассы дружбы / Михаил Чернышов
686 _aО6(2)ж
_2rubbk
700 1 _9z01790
_aČernyšov
_bM. F.
_f1939-
_gMichail Fedorovič
_4070
790 1 _9z01700
_aTschernyschow
_bM.
_gMichail
_4070
801 1 _aRU
_bNLR
_c20100330
801 0 _aRU
_bNLR
_gPSBO
852 _aNLR
_jТ93 Д-4/47
942 _cBOOK
980 _aNB